[Event "IRI-ch (Women)"]
[Site "Tehran"]
[Date "2016.01.19"]
[Round "6"]
[White "Ghazizadeh, Asana"]
[Black "Davoodi, Yasaman"]
[Result "1/2-1/2"]
[WhiteElo "1864"]
[BlackElo "1844"]
[PlyCount "67"]
[EventDate "2016.01.16"]
[EventType "swiss"]
[EventRounds "9"]
[EventCountry "IRI"]
[SourceTitle "CBM 170 Extra"]
[Source "ChessBase"]
[SourceDate "2016.02.25"]
[SourceVersion "1"]
[SourceVersionDate "2016.02.25"]
[SourceQuality "1"]

1. d4 Nf6 2. c4 g6 3. Nc3 Bg7 4. e4 d6 5. Nf3 0-0 6. Be2 Nbd7 7. 0-0 c5 8. Re1 cxd4 9. Nxd4 Nc5 10. Bf1 Ng4 11. h3 Ne5 12. b4 Ned3 13. Bxd3 Bxd4 14. Bb2 Nxd3 15. Qxd3 Bg7 16. Rad1 Be6 17. Re2 Rc8 18. Nd5 Bxb2 19. Rxb2 Qd7 20. Rbd2 Bxd5 21. Qxd5 Qc6 22. Qxc6 Rxc6 23. c5 dxc5 24. bxc5 Rfc8 25. Rb2 R6c7 26. Rdb1 Rb8 27. a4 e6 28. Rb5 Kf8 29. Ra5 Ra8 30. Rab5 Rb8 31. Kf1 a6 32. Rb6 Rxc5 33. Rxb7 Rxb7 34. Rxb7 1/2-1/2

[Event "Qazvin op (Women) 18th"]
[Site "Qazvin"]
[Date "2015.08.19"]
[Round "9"]
[White "Davoodi, Yasaman"]
[Black "Ajloo, Arefeh"]
[Result "1-0"]
[WhiteElo "1775"]
[BlackElo "1482"]
[PlyCount "52"]
[EventDate "2015.08.14"]
[EventType "swiss"]
[EventRounds "11"]
[EventCountry "IRI"]
[SourceTitle "EXT 2016"]
[Source "ChessBase"]
[SourceDate "2015.10.08"]
[SourceVersion "1"]
[SourceVersionDate "2015.10.08"]
[SourceQuality "1"]

1. d4 f5 2. c4 e6 3. Nc3 Nf6 4. Qc2 Be7 5. Nf3 0-0 6. e4 fxe4 7. Nxe4 d6 8. Bd3 Nxe4 9. Bxe4 h6 10. d5 e5 11. Be3 Nd7 12. 0-0-0 Nf6 13. Bd3 Ng4 14. Rhf1 Nxe3 15. fxe3 Bd7 16. c5 Kh8 17. Rf2 c6 18. dxc6 Bxc6 19. Be4 Qc7 20. cxd6 Bxd6 21. Bxc6 bxc6 22. Rfd2 Rad8 23. Nh4 Rf6 24. Ng6+ Kg8 25. Nxe5 Rc8 26. Qc4+ Kh8 1-0